Départements Limitrophes de La Dordogne - Statistiques

Statistiques générales
  • Ce quiz a été pris 78 fois
  • Le résultat moyen est 7 sur 7
Statistiques - réponses
Départements % Correct
Gironde
99%
Lot
99%
Lot-et-Garonne
97%
Charente
95%
Corrèze
95%
Charente-Maritime
89%
Haute-Vienne
86%
Aucun quiz correspondant
Distribution des résultats
% des personnes avec chaque résultat
Percentile par nombre de réponses
Votre historique - résultats
Vous n’avez pas pris ce quiz